000 00714nas a2200253 4500
001 BR0001605
003 BR-BrBNA
005 20231205101805.0
007 ta
008 230509b bl.|||p| |||| 00| 00por d
040 _aBR-BrBNA
_bpor
_cBiblioteca Nacional de Agricultura
041 _a(Pt)
072 _aL53
100 1 _aCosta, A.N.
245 1 _aBiotecnicas empregadas no controle do estro e da ovulacao em matrizes suinas
650 _aSUÍNO
650 _aMatriz
650 _aBiotecnologia
650 _aCiclo Estral
650 _aOvulacao
773 0 _tRevista CFMV (Brazil)
_x
_g(Jul-Sep 1996), v. 2(06) p. 24-26
_wBR0001605
909 _a202311
_bLúcia
_c55
_dLúcia Elande
942 _2AGRIS
_n0
_cANA
999 _c163931
_d163931